World Bank research digest (Record no. 83209)

MARC details
000 -LEADER
fixed length control field 02209nam a2200337 a 4500
008 - FIXED-LENGTH DATA ELEMENTS--GENERAL INFORMATION
fixed length control field 130416s2012 ||||||||||||||||| || u
050 ## - LIBRARY OF CONGRESS CALL NUMBER
Classification number IBRD(05)RD
110 ## - MAIN ENTRY--CORPORATE NAME
Corporate name or jurisdiction name as entry element World Bank
245 10 - TITLE STATEMENT
Title World Bank research digest
Statement of responsibility, etc. by World Bank [IBRD]
260 ## - PUBLICATION, DISTRIBUTION, ETC.
Place of publication, distribution, etc. Washington, DC:
Name of publisher, distributor, etc. IBRD
Date of publication, distribution, etc. 2012
300 ## - PHYSICAL DESCRIPTION
Extent 8p.: ill.
362 1# -
-- <p>Vol. 7 No. 1 FallĀ 2012; Vol. 7 No. 3 Spring 2013; Vol. 7 No. 4 Summer 2013</p>
490 ## -
-- World Bank Research Digest
490 ## -
-- Vol. 7, No. 1
500 ## - GENERAL NOTE
General note Bibliography
650 ## - SUBJECT ADDED ENTRY--TOPICAL TERM
Topical term or geographic name entry element PERIODICALS--WORLD BANK
650 ## - SUBJECT ADDED ENTRY--TOPICAL TERM
Topical term or geographic name entry element ECONOMIC POLICY--PERIODICALS
650 ## - SUBJECT ADDED ENTRY--TOPICAL TERM
Topical term or geographic name entry element PERIODICALS, ACADEMIC
650 ## - SUBJECT ADDED ENTRY--TOPICAL TERM
Topical term or geographic name entry element FINANCIAL MARKETS
650 ## - SUBJECT ADDED ENTRY--TOPICAL TERM
Topical term or geographic name entry element ECONOMIC DEVELOPMENT--PERIODICALS
995 ## -
-- SPECIAL COLLECTIONS
-- 688
-- CBU-MAIN LIBRARY (Kitwe)
-- IBRD(05)RD/2013/7/2
-- 1
-- AVAILABLE
-- May 3, 2013
-- B688
-- International Publications
995 ## -
-- SPECIAL COLLECTIONS
-- 1615
-- CBU-MAIN LIBRARY (Kitwe)
-- IBRD(05)RD/2012/7/1
-- 9
-- AVAILABLE
-- Sep 16, 2014
-- B1615
-- International Publications
995 ## -
-- SPECIAL COLLECTIONS
-- 1025
-- CBU-MAIN LIBRARY (Kitwe)
-- IBRD(05)RD/2013/7/4B
-- AVAILABLE
-- Oct 3, 2013
-- B1025
-- International Publications
995 ## -
-- SPECIAL COLLECTIONS
-- 683
-- CBU-MAIN LIBRARY (Kitwe)
-- IBRD(05)RD/2012/7/1
-- 1
-- AVAILABLE
-- Apr 18, 2013
-- B683
-- International Publications
995 ## -
-- SPECIAL COLLECTIONS
-- 441
-- CBU-MAIN LIBRARY (Kitwe)
-- IBRD(05)RD/2012/6/3B
-- 1
-- AVAILABLE
-- Dec 31, 2012
-- B441
-- International Publications
995 ## -
-- SPECIAL COLLECTIONS
-- 250
-- CBU-MAIN LIBRARY (Kitwe)
-- IBRD(05)RD/2012/6/4B
-- 2
-- AVAILABLE
-- Nov 2, 2012
-- B250
-- International Publications
995 ## -
-- SPECIAL COLLECTIONS
-- 440
-- CBU-MAIN LIBRARY (Kitwe)
-- IBRD(05)RD/2012/6/3A
-- 1
-- AVAILABLE
-- Dec 31, 2012
-- B440
-- International Publications
995 ## -
-- SPECIAL COLLECTIONS
-- 983
-- CBU-MAIN LIBRARY (Kitwe)
-- IBRD(05)RD/2013/7/3
-- 2
-- AVAILABLE
-- Sep 25, 2013
-- B983
-- International Publications
995 ## -
-- SPECIAL COLLECTIONS
-- 249
-- CBU-MAIN LIBRARY (Kitwe)
-- IBRD(05)RD/2012/6/4A
-- 1
-- AVAILABLE
-- Nov 2, 2012
-- B249
-- International Publications
995 ## -
-- SPECIAL COLLECTIONS
-- 1024
-- CBU-MAIN LIBRARY (Kitwe)
-- IBRD(05)RD/2013/7/4A
-- 2
-- AVAILABLE
-- Oct 3, 2013
-- B1024
-- International Publications
999 ## -
-- 83209
-- 83209
Holdings
Withdrawn status Lost status Source of classification or shelving scheme Damaged status Not for loan Permanent Location Current Location Shelving location Date acquired Total Checkouts Full call number Barcode Date last seen Copy number Price effective from Koha item type
          CBU-MAIN LIBRARY, KITWE. CBU-MAIN LIBRARY, KITWE.   10/25/2023   IBRD(05)RD/2013/7/2 B688 10/25/2023 1 10/25/2023 SPECIAL COLLECTION
          CBU-MAIN LIBRARY, KITWE. CBU-MAIN LIBRARY, KITWE.   10/25/2023   IBRD(05)RD/2013/7/1 B1615 10/25/2023 2 10/25/2023 SPECIAL COLLECTION
          CBU-MAIN LIBRARY, KITWE. CBU-MAIN LIBRARY, KITWE.   10/25/2023   IBRD(05)RD/2013/7/4 B1025 10/25/2023 3 10/25/2023 SPECIAL COLLECTION
          CBU-MAIN LIBRARY, KITWE. CBU-MAIN LIBRARY, KITWE.   10/25/2023   IBRD(05)RD/2012/7/1 B683 10/25/2023 4 10/25/2023 SPECIAL COLLECTION
          CBU-MAIN LIBRARY, KITWE. CBU-MAIN LIBRARY, KITWE.   10/25/2023   IBRD(05)RD/2012/6/3B B441 10/25/2023 5 10/25/2023 SPECIAL COLLECTION
          CBU-MAIN LIBRARY, KITWE. CBU-MAIN LIBRARY, KITWE.   10/25/2023   IBRD(05)RD/2012/6/4B B250 10/25/2023 6 10/25/2023 SPECIAL COLLECTION
          CBU-MAIN LIBRARY, KITWE. CBU-MAIN LIBRARY, KITWE.   10/25/2023   IBRD(05)RD/2012/6/3A B440 10/25/2023 7 10/25/2023 SPECIAL COLLECTION
          CBU-MAIN LIBRARY, KITWE. CBU-MAIN LIBRARY, KITWE.   10/25/2023   IBRD(05)RD/2013/7/3 B983 10/25/2023 8 10/25/2023 SPECIAL COLLECTION
          CBU-MAIN LIBRARY, KITWE. CBU-MAIN LIBRARY, KITWE.   10/25/2023   IBRD(05)RD/2012/6/4A B249 10/25/2023 9 10/25/2023 SPECIAL COLLECTION
          CBU-MAIN LIBRARY, KITWE. CBU-MAIN LIBRARY, KITWE.   10/25/2023   IBRD(05)RD/2013/7/4A B1024 10/25/2023 10 10/25/2023 SPECIAL COLLECTION